Normale Ansicht MARC-Ansicht ISBD

Late Medieval Liturgies Enacted (Titelsatznr. 73246)

[ MARC ]
MARC-Details
000 -Satzkennung
Kontrollfeld mit fester Länge 03235namaa2200313 cb4500
001 - Kontrollnummer
Kontrollfeld BV005305351
003 - Kontrollnummer Identifier
Kontrollfeld DE-70
005 - Datum und Zeit der letzten Transaktion
Kontrollfeld 20251125180205.0
006 - Datenelemente mit fester Länge - Weitere Materialmerkmale
Kontrollfeld mit fester Länge m|||| o||u| ||||||
007 - Feld mit fester Länge zur physischen Beschreibung - Allgemeine Information
Kontrollfeld mit fester Länge tu
007 - Feld mit fester Länge zur physischen Beschreibung - Allgemeine Information
Kontrollfeld mit fester Länge 7
008 - Feld mit fester Länge zur physischen Beschreibung - Allgemeine Angaben
Kontrollfeld mit fester Länge 920527s1980 a||| |||| 00||| und d
020 ## - Internationale Standardbuchnummer
Internationale Standardbuchnummer 9780367202415
Verknüpfung 978-0-367-20241-5
024 ## - Anderer Standardidentifier
Standardnummer oder Code 9780367202415
-- 978-0-367-20241-5
040 ## - Katalogisierungsquelle
Übertragungsstelle RU-10907106
041 ## - Sprachcode
Sprachcode des Textes/der Tonspur oder des separaten Titels eng
100 ## - Haupteintragung - Personenname
Personenname Harper, Sally (Hrsg.); Barnwell, P (Hrsg.); Williamson, Magnus (Hrsg.)
Funktionsbezeichnungscode aut
Koha-Normdatenidentnummer 67726
245 ## - Titel
Titel Late Medieval Liturgies Enacted
Zusatz zum Titel The Experience of Worship in Cathedral and Parish Church
Verfasserangabe etc. Edited by Sally Harper, P Barnwell and Magnus Williamson
264 ## - Produktion, Veröffentlichung, Distribution, Herstellung und Urheberrechtsvermerk
Herstellungs-, Veröffentlichungs- Vertriebs-, Erzeugungsort London
Produzent, Herausgeber, Distributor, Hersteller Taylor & Francis Ltd; Routledge
Datum der Herstellung, der Veröffentlichung, des Vertriebs oder des Urheberschutzvermerks 2019
300 ## - Physische Beschreibung
Umfang 392 Seiten
336 ## - Inhaltstyp
Quelle rdacontent
Inhaltstypterm Text
Inhaltstypcode txt
337 ## - Medientyp
Quelle rdamedia
Bezeichnung des Medientyps Computermedien
Medientypcode bc
338 ## - Datenträgertyp
Quelle rdacarrier
Datenträgertypbezeichnung Online Ressource
Datenträgertypcode cr
490 ## - Gesamttitelangabe
Gesamttitelangabe Music and Material Culture
500 ## - Allgemeine Fußnote
Allgemeine Fußnote E-Book / Zugriff nur im Lesesaal
520 ## - Fußnote zu Zusammenfassungen usw.
Fußnote zur Zusammenfassung usw. Introduction John HarperPart 1: Investigating the Experience of Late Medieval Worship in Medieval Church Buildings 1. Investigating the Experience of Late Medieval Worship John Harper2. Enacting Late Medieval Worship: Locations, Processes and Outcomes John HarperPart 2: Past Evidence and Present Realisation3. The Church of St Teilo, Llandeilo Tal-y-bont - A Moving Story Gerallt Nash4. Clothing the Space: Making and Using the Artefacts and Vestments Sally Harper5. A New Pre-Reformation Organ for the Church of St Teilo Dominic Gwynn6. Establishing a Liturgical Text: Text for Performance, Performance as Text Matthew Cheung Salisbury7. How Did They Do Liturgy? Preparing Late Medieval Text for Modern Enactment Sally Harper and John Harper8. Quadring Cows: Resourcing Music in the Pre-Reformation Parish Magnus WilliamsonPart 3: Historical Foundations - Three Case Studies 9. The Reform of the Choir of Salisbury Cathedral, c.1450-1549 Roger Bowers10. The Musical Knowledge and Practice of Expert Tudor Descanters Jane Flynn11. The Holy Name of Jesus: A Literate Cult? Judith AvelingPart 4: Medieval Liturgy and Modern Enactment 12. The Nature of Late Medieval Worship: The Mass P. S. Barnwell13. The Celebrant Reflects: Theological and Spiritual Priorities expressed through Sarum Use Jeremy Davies14. Enabling the Ritual: Aspects of the Experience of Assisting Clergy, Servers, Singers and Organ-Player John Harper15. How to do Without Rubrics: Experiments in Reconstructing Medieval Lay Experience P. S. Barnwell 16. Reflections on the Enactments: Voices from the Nave Keith Beasley, Judith Aveling and John Francis MossPart 5: Reflecting on Present Experience of Past Rituals 17. Reconciling the Historical and the Contemporary in Liturgical Enactment Nils Holger Petersen18. The Ritual Enactments: Historical Validity, Measurable Outcomes, Experience and Engagement John Harper19. Enactment and the Study of Late Medieval Liturgy John HarperAppendicesA.1 Summary Narrative of Mass of the Day in ChoirA.2 Summary narrative of simple sung Mass with priest, server and singersA.3 Plan of Salisbury CathedralA.4 Plan of St Teilos Church.BibliographyIndex
856 ## - Elektronische Adresse und Zugriff
OPAC-Notiz Volltext
URL <a href="https://www.taylorfrancis.com/books/9781315528052">https://www.taylorfrancis.com/books/9781315528052</a>
942 ## - Zusätzliche Felder (Koha)
Koha-Medientyp E-Books
Klassifikation oder Aufstellungssystematik Andere/Generische Klassifikation
Exemplare
Ausgeschieden Verloren Klassifikation oder Aufstellungssystematik Beschädigt Nicht entleihbar Heimatbibliothek Aufenthaltsbibliothek Aufstellungsort Erwerbungsdatum Inventarnummer Signatur Barcode Letzte Aktivität Preis gültig von Koha-Medientyp
    Andere/Generische Klassifikation     MWN Osteuropa MWN Osteuropa Online-Ressource 24/11/2025 25-e01248 E-25-e01248 76165 24/11/2025 24/11/2025 E-Books